<?xml version="1.0" encoding="UTF-8"?>
<record
    xmlns:xsi="http://www.w3.org/2001/XMLSchema-instance"
    xsi:schemaLocation="http://www.loc.gov/MARC21/slim http://www.loc.gov/standards/marcxml/schema/MARC21slim.xsd"
    xmlns="http://www.loc.gov/MARC21/slim">

  <leader>01338nam a2200253 a 4500</leader>
  <controlfield tag="001">000027498</controlfield>
  <controlfield tag="005">20200930030858.0</controlfield>
  <controlfield tag="008">110401s1990    dr b          000 0 spa d</controlfield>
  <datafield tag="040" ind1=" " ind2=" ">
    <subfield code="a">DO-SdBNP</subfield>
    <subfield code="b">spa</subfield>
    <subfield code="c">BNPHU</subfield>
  </datafield>
  <datafield tag="041" ind1="1" ind2="7">
    <subfield code="a">spa</subfield>
    <subfield code="b">eng</subfield>
  </datafield>
  <datafield tag="082" ind1=" " ind2=" ">
    <subfield code="a">615.1</subfield>
    <subfield code="b">C749m</subfield>
  </datafield>
  <datafield tag="111" ind1="2" ind2=" ">
    <subfield code="a">Congreso Panamericano de Farmacia y Bioquimica</subfield>
    <subfield code="n">(13avo</subfield>
    <subfield code="d">1988, nov. 27-dic. 3</subfield>
    <subfield code="c">Santo Domingo)</subfield>
    <subfield code="9">54582</subfield>
  </datafield>
  <datafield tag="245" ind1="1" ind2="0">
    <subfield code="a">Memorias del XIII Congreso Panamericano de Farmacia ; Bioquimica y XVI Congreso Centroamericano y el Caribe de Ciencias Farmaceuticas =</subfield>
    <subfield code="b">Proceedings of the XIII Pan-American Congress of Pharmacy and Biochemistry and XVI Centralamerican and the Caribbean Congress of Pharmaceutical Science.</subfield>
  </datafield>
  <datafield tag="246" ind1="1" ind2="1">
    <subfield code="a">Congreso Centroamericano y el Caribe de Ciencias Farmaceuticas</subfield>
  </datafield>
  <datafield tag="246" ind1="1" ind2="1">
    <subfield code="a">XIII Pan-American Congress of Pharmacy and Biochemistry</subfield>
  </datafield>
  <datafield tag="246" ind1="1" ind2="1">
    <subfield code="a">XVI Centralamerican and the Caribbean Congress of Pharmaceutical Sciences</subfield>
  </datafield>
  <datafield tag="260" ind1=" " ind2=" ">
    <subfield code="a">Santo Domingo :</subfield>
    <subfield code="b">Asociaci&#xF3;n Farmaceutica Dominicana,</subfield>
    <subfield code="c">1990.</subfield>
  </datafield>
  <datafield tag="300" ind1=" " ind2=" ">
    <subfield code="a">207 p. :</subfield>
    <subfield code="b">retrs. ;</subfield>
    <subfield code="c">28 cm.</subfield>
  </datafield>
  <datafield tag="590" ind1=" " ind2=" ">
    <subfield code="a">Inventariado, 2018/LP</subfield>
  </datafield>
  <datafield tag="650" ind1=" " ind2="4">
    <subfield code="a">Farmacia</subfield>
    <subfield code="x">Congresos, conferencias , etc.</subfield>
    <subfield code="9">54583</subfield>
  </datafield>
  <datafield tag="650" ind1=" " ind2="4">
    <subfield code="a">Industria farmaceutica</subfield>
    <subfield code="x">Congresos, conferencias, etc.</subfield>
    <subfield code="9">53025</subfield>
  </datafield>
  <datafield tag="650" ind1=" " ind2="4">
    <subfield code="a">Industria farmaceutica</subfield>
    <subfield code="x">Congresos, conferencias, etc.</subfield>
    <subfield code="9">53025</subfield>
  </datafield>
  <datafield tag="910" ind1=" " ind2=" ">
    <subfield code="a">Validado. Control de calidad MFF</subfield>
  </datafield>
  <datafield tag="952" ind1=" " ind2=" ">
    <subfield code="0">0</subfield>
    <subfield code="1">0</subfield>
    <subfield code="5">0</subfield>
    <subfield code="7">1</subfield>
    <subfield code="a">PD</subfield>
    <subfield code="b">PD</subfield>
    <subfield code="c">HD</subfield>
    <subfield code="d">2011-04-13</subfield>
    <subfield code="i">LF1</subfield>
    <subfield code="l">0</subfield>
    <subfield code="o">615.1 C749m</subfield>
    <subfield code="p">27498-10</subfield>
    <subfield code="r">2020-06-25</subfield>
    <subfield code="w">2020-06-25</subfield>
    <subfield code="y">1</subfield>
    <subfield code="Z">No se presta</subfield>
  </datafield>
  <datafield tag="999" ind1=" " ind2=" ">
    <subfield code="c">26990</subfield>
    <subfield code="d">26990</subfield>
  </datafield>
</record>
